| 000 | 00783nam a2200229 i 4500 | ||
|---|---|---|---|
| 001 | 189833 | ||
| 003 | ES-MaACL | ||
| 005 | 20250902025141.0 | ||
| 008 | 191203s1968 sp |||| | spa d | ||
| 245 | 0 | 0 |
_aAprovisionamientos : _bmanutención, transportes / _cB. Delvaque [y otros] ; traducido por Pablo Gil Carrasco. |
| 250 | _a3ª ed. | ||
| 260 |
_aBilbao : _bDeusto, _c[1968] |
||
| 300 |
_a324 p. : _bil. ; _c22 cm. |
||
| 490 | 1 |
_aEnciclopedia de la Empresa Moderna ; _v7 |
|
| 650 | 0 | 4 |
_aGestión de stocks. _913117 |
| 650 | 4 |
_aAlmacenamiento industrial. _9168973 |
|
| 700 | 1 |
_aDelvaque, Bernard. _9168974 |
|
| 700 | 1 |
_aGil Carrasco, Pablo. _9168975 |
|
| 830 | 0 | 0 |
_aEnciclopedia de la empresa moderna _v7 _9193420 |
| 852 |
_aES-MaACL _jP-1093-7 |
||
| 999 |
_c189833 _d189833 |
||